00289nam a2200121Ia 4500008004100000100001400041245003000055260003000085300000900115650001900124942000700143999001700150190216s9999||||xx |||||||||||||| ||und|| aDharm Pal 0aTraditions Of Indian Army bNational Book Stallc1961 a178p aIndian History cBK c18918d18918